Statistiques concernant Classements des 5 championnats de football 2020-2021

Cliquez ici pour prendre le quiz!

Statistiques générales

  • Ce quiz a été pris 736 fois
  • Le résultat moyen est 51 sur 98

Statistiques - réponses

GroupRangPointsVictoireNulDéfaitesDifférence de butsRéponse% Correct
Ligue 1#282 pts2648+58Paris SG
99%
Ligue 1#560 pts161210+7Olympique de Marseille
98%
Ligue 1#476 pts22106+38Olympique lyonnais
96%
Ligue 1#183 pts24113+41Lille OSC
95%
Ligue 1#378 pts2468+34AS Monaco
92%
Ligue 1#658 pts161012+12Stade rennais
88%
Bundesliga#178 pts2464+55Bayern Munich
87%
Ligue 1#757 pts151211+1RC Lens
85%
Premier League#186 pts2756+51Manchester City
84%
Bundesliga#364 pts20410+29Borussia Dortmund
83%
Ligue 1#1245 pts13619-14Girondins de Bordeaux
83%
Premier League#274 pts21116+29Manchester United
83%
Ligue 1#1146 pts121016-12AS Saint-Etienne
82%
Ligue 1#952 pts15716-3OGC Nice
82%
Ligue 1#1840 pts91316-8FC Nantes
80%
Premier League#369 pts2099+26Liverpool FC
80%
Premier League#467 pts19109+22Chelsea FC
79%
LaLiga#379 pts 2477+47FC Barcelone
79%
LaLiga#284 pts 2594+39Real Madrid
79%
Serie A#279 pts2477+33AC Milan
77%
Serie A#478 pts2396+39Juventus
77%
Premier League#861 pts18713
+16
Arsenal FC
76%
Serie A#191 pts2873+54Inter Milan
76%
Ligue 1#1542 pts11918-9RC Strasbourg
76%
Ligue 1#854 pts141212-2Montpellier HSC
74%
LaLiga#186 pts 2684+42Atlético Madrid
73%
Ligue 1#1344 pts12818-18Angers SCO
70%
Bundesliga#265 pts1987+28RB Leipzig
70%
LaLiga#477 pts 2459+20FC Séville
69%
Ligue 1#1741 pts11819-16Stade Brestois
69%
Premier League#762 pts18812+23Tottenham Hotspur
69%
Serie A#762 pts18812+10AS Rome
68%
Serie A#577 pts2459+45Naples SSC
67%
Ligue 1#1442 pts91514-8Stade de Reims
66%
Ligue 1#1047 pts121115-4FC Metz
65%
Ligue 1#1642 pts11918-18FC Lorient
64%
Premier League#665 pts19811+15West Ham United
63%
Premier League#566 pts20612+18Leicester City
62%
Bundesliga#652 pts141010+14Bayer Leverkusen
61%
Serie A#668 pts21512+6Lazio Rome
60%
LaLiga#661 pts 1710110Bétis Séville
59%
Premier League#1059 pts17813
-1
Everton FC
57%
LaLiga#1343 pts 101315-3Valencia CF
57%
Premier League#1155 pts16715+9Aston Villa
55%
Bundesliga#1435 pts81115-11Hertha Berlin SC
55%
LaLiga#1046 pts 111314+4Athletic Bilbao
54%
Ligue 1#2021 pts4925-48Dijon FCO
53%
Serie A#378 pts2396+43Atalanta Bergame
52%
Ligue 1#1935 pts9821-31Nîmes Olympique
52%
Bundesliga#750 pts12148+7Union Berlin
52%
LaLiga#758 pts 151310+16Villareal CF
51%
Premier League#1245 pts12917
-16
Newcastle United
50%
Bundesliga#1816 pts3724-61FC Schalke 04
48%
LaLiga#562 pts 171110+21Real Sociedad
48%
Premier League#1641 pts91415-6Brighton
46%
Bundesliga#560 pts16126+16Eintracht Francfort
46%
Premier League#1345 pts12917-16Wolverhampton Wanderers
45%
Serie A#1340 pts91316-12Fiorentina
44%
Bundesliga#461 pts17107+24VfL Wolfsburg
44%
Premier League#959 pts18515
+8
Leeds United
42%
Serie A#1737 pts71615-19Torino FC
39%
Bundesliga#849 pts131011+8Borussia Mönchengladbach
38%
Premier League#1543 pts12719-21Southampton FC
38%
Premier League#1444 pts12818-25Crystal Palace
37%
Serie A#862 pts171110+8US Sassuolo
36%
Bundesliga#1731 pts71017-21Werder Brême
36%
Bundesliga#1633 pts8917-26FC Cologne
35%
Premier League#1828 pts51320-26Fulham FC
35%
Serie A#952 pts15716-2Sampdoria Gênes
35%
Premier League#1739 pts10919-22Burnley FC
34%
Bundesliga#945 pts12913+1VfB Stuttgart
34%
LaLiga#1538 pts 91118-15Getafe CF
31%
Serie A#1142 pts101216-11Genoa CFC
30%
Serie A#1440 pts101018-16Udinese
30%
Bundesliga#1239 pts10915-17FSV Mainz 05
29%
Serie A#1045 pts111215-2Hellas Vérone
29%
Bundesliga#1045 pts129130SC Fribourg
29%
Serie A#2020 pts31124-44Parme
27%
Bundesliga#1143 pts111013-2TSG Hoffenheim
27%
LaLiga#1244 pts 111116-22Cadiz CF
26%
Serie A#1637 pts91019-16Cagliari
26%
LaLiga#853 pts 141113-2Celta Vigo
26%
Serie A#1241 pts101117-14Bologne FC
25%
Premier League#2023 pts7229-43Sheffield United
25%
LaLiga#1144 pts 111116-11Osasuna
23%
LaLiga#1441 pts 91415-11UD Levante
23%
LaLiga#1931 pts 51617-23Real Valladolid
22%
LaLiga#1736 pts 81218-21Elche CF
20%
LaLiga#946 pts 13718-18Grenade CF
19%
LaLiga#2030 pts 61220-23SD Eibar
18%
Premier League#1926 pts51122-41West Bromwich Albion
18%
Serie A#1539 pts91217-20La Spezia
17%
Serie A#1833 pts71219-35Benevento
15%
LaLiga#1638 pts 91118-21Deportivo Alaves
15%
Bundesliga#1336 pts10618-18FC Augsbourg
15%
Serie A#1923 pts6527-47FC Crotone
10%
Bundesliga#1535 pts9817-26Arminia Bielefield
9%
LaLiga#1834 pts 71318-19SD Huesca
9%

Distribution des résultats

Percentile par nombre de réponses

% des personnes avec chaque résultat

Votre développement - résultats

Vous n’avez pas pris ce quiz